| 000 | 00578nam a2200181Ia 4500 | ||
|---|---|---|---|
| 005 | 20250508153228.0 | ||
| 008 | 008 250505s9999 xx 000 0 eng d | ||
| 037 | _aTextual | ||
| 040 |
_aFEDL _beng _cFEDL |
||
| 041 |
_aeng _2eng |
||
| 084 |
_a350, VIE _qFEDL |
||
| 100 |
_aVieg John A. _9117669 |
||
| 245 | 0 | _aProgress versus Utopia : The use of plans , examples, complaints and standards in improving public administration | |
| 260 |
_aBombay, India _bAsia Publishing House _c1963 |
||
| 300 | _a84p | ||
| 942 |
_cTEXL _h350, VIE |
||
| 999 |
_c1341391 _d1341391 |
||